000
00277nam a2200121Ia 4500
005
20251222154403.0
008
251222s9999||||xx |||||||||||||| ||spa||
082
_a
860.9/T72
100
_a
"Torri, Julio"
245
0
_a
La literatura espaƱola
250
_a
4a.ed.
942
_c
LIB
999
_c
35350
_d
35350